zpět

Detail výsledku týmu

R.A.M., Jablonec nad Nisou

Datum a čas kvízu

33.5 Celkem bodů Celkový počet nahraných bodů na tomto kvízu bez doplňovacích otázek.
18. Pořadí na kvízu Konečné umístění týmu na tomto kvízu.

Zaznamenané odpovědi

# Otázka Odpověď Body Výsledky
1. V pondělí 10. ledna se v jablo... Jizerská 50 0
2. Na fotografii vidíme uměle vyb... v Londýně 1
3. Literární Cenu Karla Čapka za... Jaroslav Rudiš 1
4. Britský supermarket Morrisons... D 0
5. Minulý týden se konalo mistrov... Tallinn 1
6. V cestovatelském seriálu nás č... Růžová hora 1
7. Jedním z nejnavštěvovanějších... ZOO 1
8. Jak se nazývá pískovcová skaln... Prachovské skály 1
9. Které z těchto oblíbených zimn... D 1
10. Ve které obci najdeme vyhlášen... v Dětenicích 1